Structure of complex turbulent shear flow : Symposium. Marseille, France. 31. Aug.- 3. Sept. 1982 /
Gespeichert in:
| Weitere Verfasser: | , |
|---|---|
| Format: | Buch |
| Sprache: | Englisch |
| Veröffentlicht: |
Berlin :
Springer Verlag,
1983
|
| Tags: |
Keine Tags, Fügen Sie das erste Tag hinzu!
|
MARC
| LEADER | 00000nam a22000003a 4500 | ||
|---|---|---|---|
| 001 | stu123819 | ||
| 005 | 20150617225900.0 | ||
| 008 | 060721s1983----gw------------------eng-d | ||
| 040 | |a STU |b slo | ||
| 041 | 0 | |a eng | |
| 044 | |a gw | ||
| 080 | |a 532.5.071.4 | ||
| 100 | 1 | |a Dumas, R. |4 com | |
| 245 | 1 | |a Structure of complex turbulent shear flow : |b Symposium. Marseille, France. 31. Aug.- 3. Sept. 1982 / |c Ed. Dumas, R., Fulachier, L. | |
| 260 | |a Berlin : |b Springer Verlag, |c 1983 | ||
| 300 | |a 19, 444, 326 s | ||
| 700 | 1 | |a Fulachier, L. |4 com | |
| 996 | |b E57132 |c E*57132 |l EE15 |s P |a 0 |w stu123819_0001 | ||